=LDR 00000nam 2200000 4500 =001 INLIS000000000025543 =005 20130612124037 =008 ***********************************Ind** =035 ##$$0010-061300000025543 =041 ##$$a Ind =090 ##$$a 6346bZak k =100 ##$$a Zakaria, Yando =245 ##$$a Hutan dan kesejahtraan masyarakat sosial, Yando Zakaria =260 ##$$a 29 cm $b Jakarta =650 ##$$a Hutan =850 ##$$a NBPNMAT